00206nam a2200085Ia 4500008004100000100002100041245002500062260001300087260002000100170620s9999 xx 000 0 und d aAiyars ramanatha 0aadvanced Law Lexicon b"Delhi  c wadhwa nagpur"